000 00610nam a2200241 a 4500
001 nice12345678
003 IN_TiNIC
005 20260116012319.0
008 050524s1988 dela grp 000 0 eng
020 _a8185119
_c180
082 0 0 _a297.0954
_bHAS
100 _aHasan, Qamar
245 _aMuslims in India
_b Attitudes Adjustment and Reactions.
260 _aDelhi
_bNorthern Book Centre
_c1988
300 _a251p.
500 _aincludes index and biblioraphy
505 2 _aindex
650 _aMuslims-India
700 1 _aHasan, Qamar
902 _bSRS
942 _cBK
999 _c6514
_d6514